Guess the Taylor Swift Song (no hints) 73 - Statistics

General Stats
  • This quiz has been taken 89 times
  • The average score is 330 of 405
Answer Stats
Answer % Correct
a
100%
I
98%
me
98%
me,
98%
the
98%
you
98%
You
98%
your
98%
you're
98%
And
96%
and
96%
he
96%
it
96%
It
96%
for
94%
is
94%
to
94%
was
94%
Was
94%
don't
92%
I'm
92%
in
92%
not
92%
said,
92%
so
92%
So
92%
that
92%
then
92%
we
92%
We
92%
when
92%
but
90%
there
90%
this
90%
too
90%
Where
90%
all
88%
Did
88%
just
88%
never
88%
of
88%
what
88%
Like
86%
at
84%
'Cause
84%
say
84%
Were
84%
cant
82%
didn't
82%
loved
82%
here
80%
out
80%
up,
80%
up
80%
always"
78%
always",
78%
now
78%
Oh,
78%
Oh
78%
one
78%
Baby
76%
baby,
76%
down
76%
"Forever
76%
gone
73%
knew
73%
night,
73%
think
73%
back
71%
Back
71%
eye
71%
going?
71%
told
71%
looked
69%
time,
69%
feel
67%
nothing
67%
something
67%
still
67%
Everything
65%
everything
65%
everything?
65%
eyes
65%
hasn't
65%
Once
65%
upon
65%
into
63%
made
63%
mean
63%
seems
63%
sure
63%
tell
63%
wrong
63%
anymore
61%
believe
61%
called
61%
here's
61%
Here's
61%
yeah.
61%
caught
59%
door
59%
minute,
59%
onto
59%
second
59%
thing
59%
Thought
59%
Tuesday
59%
happened?
57%
hold
57%
kidding?
57%
phone,
57%
rains
57%
stare
57%
bedroom
55%
boy
55%
flashback
55%
honest,
55%
way
55%
almost
53%
coming
53%
forget
53%
halfway
53%
hide
53%
low
53%
perfect,
53%
Please
53%
run
53%
scared
53%
welcome
53%
line?
51%
little
51%
speak
51%
breaking
49%
core
49%
silence,
49%
cuts
41%
No matching quizzes found
Score Distribution
Percent of People with Each Score
Percentile by Number Answered
Your Score History
You have not taken this quiz